000
00262nam a2200109Ia 4500
008
220216s9999 xx 000 0 und d
100
_a
Menon P M
245
0
_a
World bank assisted project
260
_b
Planters Chronicle
_c
1995
300
_a
195-202
942
_c
JS
999
_c
72484
_d
72484